000 00463ntaaa2200193 4500
003 01
005 20251027202646.0
008 0714s1973 ag 01
040 _aAR-BaBN
_bspa
_cAR-BaBN
_eaacr
_dRIC
082 _a374.0230 AL2m
100 _aGonzález, Justo
_93979
245 _aMi casa
250 _a1 ed.
260 _aAlajuela, Costa Rica :
_bAlfalit,
_cs.f.
300 _a31 p
650 _aalfabetizacion
_92115
700 _aRuíz, Enrique
942 _cBK
999 _c21741
_d21741